Fast Typing in Binary - Statistics

General Stats
  • This quiz has been taken 8,722 times
    1,496 since last reset
  • The average score is 12 of 100
Answer Stats
Answer % Correct
1
100%
10
94%
11
88%
100
78%
101
75%
110
70%
111
70%
1000
64%
1001
62%
1010
57%
1011
53%
1100
48%
1101
44%
1110
39%
1111
37%
10000
33%
10001
30%
10010
27%
10011
23%
10100
17%
10101
14%
10110
9%
10111
8%
11000
6%
11001
5%
11010
4%
11011
2%
11100
2%
100000
1%
100001
1%
11101
1%
11110
1%
11111
1%
1000000
0%
1000001
0%
1000010
0%
1000011
0%
100010
0%
1000100
0%
1000101
0%
100011
0%
1000110
0%
1000111
0%
100100
0%
1001000
0%
1001001
0%
100101
0%
1001010
0%
1001011
0%
100110
0%
1001100
0%
1001101
0%
100111
0%
1001110
0%
1001111
0%
101000
0%
1010000
0%
1010001
0%
101001
0%
1010010
0%
1010011
0%
101010
0%
1010100
0%
1010101
0%
101011
0%
1010110
0%
1010111
0%
101100
0%
1011000
0%
1011001
0%
101101
0%
1011010
0%
1011011
0%
101110
0%
1011100
0%
1011101
0%
101111
0%
1011110
0%
1011111
0%
110000
0%
1100000
0%
1100001
0%
110001
0%
1100010
0%
1100011
0%
110010
0%
1100100
0%
110011
0%
110100
0%
110101
0%
110110
0%
110111
0%
111000
0%
111001
0%
111010
0%
111011
0%
111100
0%
111101
0%
111110
0%
111111
0%
No matching quizzes found
Score Distribution
Percent of People with Each Score
Percentile by Number Answered
Your Score History
You have not taken this quiz since the last reset